|
|
|
|
| LEADER |
00000cam a2200000 7i4500 |
| 001 |
0000045814 |
| 005 |
20150215.0 |
| 008 |
150215 |
| 020 |
|
|
|a 9789674090258
|
| 090 |
0 |
0 |
|a 499.2382421
|b HAM
|
| 100 |
1 |
|
|a Hamilton, A. W
|
| 245 |
1 |
0 |
|a Malay made easy
|c A. W. Hamilton
|
| 260 |
|
|
|a Selangor :
|b Crescent News (K.L) Sdn. Bhd ,
|c 2012
|
| 650 |
|
0 |
|a Malay Language
|x Textbooks for foreign speakers
|x English
|
| 650 |
|
0 |
|a Malay language
|x Usage
|
| 999 |
|
|
|a 0001334636
|b Book
|c Adult Collection
|e Cawangan Bukit Gambir
|
| 999 |
|
|
|a 0001334637
|b Book
|c Adult Collection
|e Cawangan Muar
|
| 999 |
|
|
|a 0001334638
|b Book
|c Adult Collection
|e Cawangan Tmn. Ungku Tun Aminah
|
| 999 |
|
|
|a 0001334639
|b Book
|c Adult Collection
|e Cawangan Bandar Penawar
|
| 999 |
|
|
|a 0001334640
|b Book
|c Adult Collection
|e Cawangan Batu Pahat
|
| 999 |
|
|
|a 0001334641
|b Book
|c Adult Collection
|e Cawangan Bandar Tenggara
|
| 999 |
|
|
|a 0001334642
|b Book
|c Adult Collection
|e Cawangan Tangkak
|
| 999 |
|
|
|a 0001334643
|b Book
|c Adult Collection
|e Cawangan Pontian
|
| 999 |
|
|
|a 0001334644
|b Book
|c Adult Collection
|e Cawangan Segamat
|
| 999 |
|
|
|a 0001334645
|b Book
|c Adult Collection
|e Cawangan Taman Sri Lambak
|
| 999 |
|
|
|a 0001334646
|b Book
|c Adult Collection
|e Cawangan Mersing
|
| 999 |
|
|
|a 0001334647
|b Book
|c Adult Collection
|e Cawangan Kota Tinggi
|
| 999 |
|
|
|a 0001335830
|b Book
|c Adult Collection
|e Perbadanan Perpustakaan Awam Johor
|
| 999 |
|
|
|a 0001335831
|b Book
|c Adult Collection
|e Perbadanan Perpustakaan Awam Johor
|
| 999 |
|
|
|a 0001335832
|b Book
|c Adult Collection
|e Cawangan Urban Transformation Centre
|
| 999 |
|
|
|a 001334645
|b Book
|c Adult Collection
|e Cawangan Taman Sri Lambak
|
| 999 |
|
|
|a 1334637
|b Book
|c Adult Collection
|e Cawangan Muar
|